[Event "25th Czech Open A 2014"]
[Site "Pardubice CZE"]
[Date "2014.07.18"]
[Round "1.1"]
[White "Priasmoro, Novendra"]
[Black "Nisipeanu, Liviu-Dieter"]
[Result "0-1"]
[BlackTitle "GM"]
[WhiteElo "2282"]
[BlackElo "2686"]
[WhiteFideId "7105029"]
[BlackFideId "1202758"]
[EventDate "2014.07.18"]

1. e4 c5 2. Nf3 e6 3. d4 cxd4 4. Nxd4 a6 5. Bd3 Bc5 6. Nb3 Be7 7. O-O d6 8. Qg4
g6 9. Qe2 Nd7 10. Nc3 Qc7 11. Bd2 h5 12. f4 Ngf6 13. Kh1 b6 14. Rae1 Bb7 15. e5
dxe5 16. fxe5 Ng4 17. Bf4 Bh4 18. Ne4 Ndxe5 19. Rd1 Be7 20. h3 g5 21. Bg3 h4 22.
Bxe5 Nxe5 23. Nd4 Rh6 24. Bb5+ Kf8 25. Ba4 Qc4 26. Qe3 Qxa4 27. Nxg5 Bxg5 28.
Qxe5 Kg8 29. Qc7 Bd5 30. Qxf7+ Kh8 31. Nf3 Qf4 32. Nxg5 Qxg5 33. Rf2 Qh5 34.
Qxh5 Rxh5 35. b3 b5 0-1

[Event "25th Czech Open A 2014"]
[Site "Pardubice CZE"]
[Date "2014.07.18"]
[Round "1.2"]
[White "Vorobiov, Evgeny E."]
[Black "Musaev, Rasul"]
[Result "1-0"]
[WhiteTitle "GM"]
[BlackTitle "FM"]
[WhiteElo "2591"]
[BlackElo "2281"]
[WhiteFideId "4121341"]
[BlackFideId "24146870"]
[EventDate "2014.07.18"]

1. d4 Nf6 2. c4 g6 3. g3 Bg7 4. Bg2 d5 5. cxd5 Nxd5 6. Nf3 O-O 7. O-O Nb6 8. Nc3
Nc6 9. e3 a5 10. Qe2 Be6 11. Rd1 Bc4 12. Qc2 Nb4 13. Qb1 a4 14. a3 N4d5 15. Nxd5
Bxd5 16. Bd2 f5 17. Ne1 Re8 18. Bxd5+ Qxd5 19. Qc2 Qc4 20. Rac1 Qxc2 21. Rxc2 c6
22. Nd3 Nd7 23. Bb4 e6 24. Bd6 Bf8 25. Bxf8 Kxf8 26. Rc4 Ra7 27. Kg2 Rd8 28.
Rdc1 Ke7 29. h4 Kd6 30. f4 Rg8 31. Kf3 h6 32. Ne5 Nxe5+ 33. dxe5+ Ke7 34. Rd4
Ra5 35. Rb4 Ra7 36. Rcc4 Rga8 37. g4 h5 38. gxf5 gxf5 39. Rc2 Rg8 40. Rd2 Rg4
41. Rbd4 b5 42. Rd8 Kf7 43. Rh8 Kg6 44. Rd6 Re7 45. e4 fxe4+ 46. Kxe4 Rxh4 47.
Rf8 Kg7 48. Rf6 Rh2 49. Rdxe6 Rxe6 50. Rxe6 Rxb2 51. Rxc6 h4 52. Rc7+ Kg8 53.
Rc8+ Kg7 54. f5 h3 55. f6+ Kg6 56. Rg8+ Kf7 57. Rg7+ Kf8 58. e6 Re2+ 59. Kd5 h2
60. Rh7 Kg8 61. Rh3 b4 62. Kd6 bxa3 63. f7+ Kg7 64. Rg3+ Kh7 65. f8=Q 1-0

[Event "25th Czech Open A 2014"]
[Site "Pardubice CZE"]
[Date "2014.07.18"]
[Round "1.3"]
[White "Sochacki, Wojtek"]
[Black "Kravtsiv, Martyn"]
[Result "0-1"]
[WhiteTitle "FM"]
[BlackTitle "GM"]
[WhiteElo "2281"]
[BlackElo "2569"]
[WhiteFideId "651389"]
[BlackFideId "14113147"]
[EventDate "2014.07.18"]

1. Nf3 Nf6 2. c4 e6 3. g3 d5 4. Bg2 Be7 5. O-O O-O 6. d4 dxc4 7. Qc2 a6 8. Qxc4
b5 9. Qc2 Bb7 10. Bd2 Ra7 11. Rd1 Nbd7 12. Ba5 Qa8 13. b4 Nb8 14. Qxc7 Nc6 15.
Ne1 Nxd4 16. Qe5 Bxg2 17. Rxd4 Bc6 18. Nc3 Nd7 19. Qe3 Bf6 20. Rdd1 Ne5 21. Rac1
Nc4 22. Qf4 h6 23. h4 Rc8 24. Kh2 Be5 25. Qg4 f5 26. Qg6 Bf6 27. Qh5 Nxa5 0-1

[Event "25th Czech Open A 2014"]
[Site "Pardubice CZE"]
[Date "2014.07.18"]
[Round "1.4"]
[White "Vajda, Levente"]
[Black "Bystrov, Sergej M."]
[Result "1-0"]
[WhiteTitle "GM"]
[BlackTitle "IM"]
[WhiteElo "2569"]
[BlackElo "2280"]
[WhiteFideId "1203975"]
[BlackFideId "4118561"]
[EventDate "2014.07.18"]

1. e4 d6 2. d4 Nf6 3. Nc3 e5 4. Nf3 Nbd7 5. Bc4 Be7 6. O-O O-O 7. Re1 c6 8. a4
a5 9. h3 Qc7 10. Bg5 Re8 11. Qd2 Bf8 12. Rad1 Nb6 13. Bf1 Nfd7 14. b3 exd4 15.
Nxd4 Ne5 16. Be3 Ng6 17. Nde2 f5 18. exf5 Bxf5 19. Ng3 Be6 20. Nce4 d5 21. Ng5
Nd7 22. Nxe6 Rxe6 23. Bb6 Qd6 24. Rxe6 Qxe6 25. Bxa5 Bc5 26. Bc3 Rf8 27. Bd4
Bxd4 28. Qxd4 Nf6 29. c4 Re8 30. cxd5 cxd5 31. b4 Ne5 32. a5 Nc4 33. Bd3 g6 34.
Ne2 Ne5 35. Bb5 Rd8 36. Nf4 Qd6 37. Re1 Ne4 38. Bf1 Nc6 39. Qxd5+ 1-0

[Event "25th Czech Open A 2014"]
[Site "Pardubice CZE"]
[Date "2014.07.18"]
[Round "1.5"]
[White "Lobanov, Sergei"]
[Black "Baryshpolets, Andrey"]
[Result "1/2-1/2"]
[BlackTitle "GM"]
[WhiteElo "2277"]
[BlackElo "2546"]
[WhiteFideId "24183750"]
[BlackFideId "14117207"]
[EventDate "2014.07.18"]

1. e4 c5 2. Nf3 Nc6 3. d4 cxd4 4. Nxd4 Nf6 5. Nc3 d6 6. Bg5 e6 7. Qd2 a6 8.
O-O-O Be7 9. f4 Bd7 10. Kb1 Rb8 11. Be2 b5 12. Bf3 b4 13. Nce2 Na5 14. e5 dxe5
15. fxe5 Ne4 16. Bxe4 Bxg5 17. Qd3 Qc7 18. Qxa6 Be7 19. Rhe1 O-O 20. Nf4 Rfd8
21. Qe2 g6 22. Qg4 Qxe5 23. Bxg6 Qg5 24. Bh5 Nc4 25. Nf3 Qxg4 26. Bxg4 Bf6 27.
Nd3 Bc6 28. Nfe5 Nxe5 29. Nxe5 Bd5 30. Bf3 Bxe5 31. Bxd5 Bxh2 32. Bf3 Rxd1+ 33.
Rxd1 Rb5 34. Rd3 Bc7 35. a3 bxa3 36. Rxa3 Bd6 37. Ra7 Be5 38. Rb7 Rxb7 39. Bxb7
Kg7 1/2-1/2

[Event "25th Czech Open A 2014"]
[Site "Pardubice CZE"]
[Date "2014.07.18"]
[Round "1.6"]
[White "Stocek, Jiri"]
[Black "Schulz, Karsten"]
[Result "1/2-1/2"]
[WhiteTitle "GM"]
[BlackTitle "FM"]
[WhiteElo "2545"]
[BlackElo "2276"]
[WhiteFideId "304760"]
[BlackFideId "4611446"]
[EventDate "2014.07.18"]

1. d4 c5 2. d5 d6 3. e4 g6 4. c4 Bg7 5. Ne2 e6 6. Nbc3 Ne7 7. h4 h6 8. Be3 exd5
9. cxd5 Nd7 10. Nc1 Ne5 11. Nd3 Nxd3+ 12. Bxd3 f5 13. Qd2 fxe4 14. Bxe4 Nf5 15.
g4 Nxh4 16. O-O-O Bxg4 17. Rdg1 h5 18. Rxh4 Qxh4 19. f3 O-O-O 20. fxg4 hxg4 21.
Bxg6 g3 22. Ne4 Be5 23. Ng5 Rdf8 24. Kb1 Rf2 25. Bxf2 gxf2 26. Rf1 Bf4 27. Bf5+
Kb8 28. Nf3 Bxd2 29. Nxh4 Rxh4 30. Rxf2 Rd4 31. Rg2 Rxd5 1/2-1/2

[Event "25th Czech Open A 2014"]
[Site "Pardubice CZE"]
[Date "2014.07.18"]
[Round "1.7"]
[White "Yuferev, Oleg"]
[Black "Gopal, G.N."]
[Result "1/2-1/2"]
[WhiteTitle "FM"]
[BlackTitle "GM"]
[WhiteElo "2270"]
[BlackElo "2544"]
[WhiteFideId "4131720"]
[BlackFideId "5015693"]
[EventDate "2014.07.18"]

1. Nf3 Nf6 2. c4 c5 3. Nc3 d5 4. cxd5 Nxd5 5. Qa4+ Bd7 6. Qb3 Nb6 7. Ne5 e6 8.
g3 Nc6 9. Nxd7 Qxd7 10. Bg2 Be7 11. d3 O-O 12. O-O Rac8 13. Be3 Rfd8 14. Rac1 h6
15. a3 Rc7 16. Qa2 Rcc8 17. Rfd1 1/2-1/2

[Event "25th Czech Open A 2014"]
[Site "Pardubice CZE"]
[Date "2014.07.18"]
[Round "1.8"]
[White "Mozharov, Mikhail"]
[Black "Pribyl, Josef"]
[Result "1-0"]
[WhiteTitle "GM"]
[BlackTitle "IM"]
[WhiteElo "2540"]
[BlackElo "2269"]
[WhiteFideId "4189825"]
[BlackFideId "300187"]
[EventDate "2014.07.18"]

1. e4 d6 2. d4 Nf6 3. Nc3 e5 4. Nf3 Nbd7 5. Bc4 Be7 6. O-O O-O 7. a4 c6 8. Re1
b6 9. h3 a6 10. Ba2 Bb7 11. dxe5 dxe5 12. Nh4 b5 13. Nf5 Bb4 14. Qf3 Ne8 15. Rd1
Qc7 16. Nh6+ gxh6 17. Qg4+ Kh8 18. Rxd7 Bc8 19. Rxc7 Bxg4 20. Rxc6 Bd7 21. Rxh6
bxa4 22. Nd5 Bc5 23. Bg5 Kg7 24. Nb6 f6 25. Nxd7 fxg5 26. Nxf8 Kxh6 27. Ne6 Bd6
28. Bd5 Rb8 29. Rxa4 Rxb2 30. c4 g4 31. hxg4 Nc7 32. c5 Nxe6 33. cxd6 Nc5 34.
Rc4 Nd7 35. Rc7 Nf6 36. Be6 Rd2 37. d7 Rd4 38. f3 Kg5 39. Bd5 1-0

[Event "25th Czech Open A 2014"]
[Site "Pardubice CZE"]
[Date "2014.07.18"]
[Round "1.9"]
[White "Srienz, Christian"]
[Black "Saric, Ante"]
[Result "0-1"]
[WhiteTitle "FM"]
[BlackTitle "GM"]
[WhiteElo "2267"]
[BlackElo "2536"]
[WhiteFideId "1603175"]
[BlackFideId "14506254"]
[EventDate "2014.07.18"]

1. c4 c5 2. Nf3 Nc6 3. Nc3 g6 4. e3 Nf6 5. d4 cxd4 6. exd4 d5 7. cxd5 Nxd5 8.
Qb3 e6 9. Bb5 Bg7 10. O-O O-O 11. Rd1 Na5 12. Qc2 Bd7 13. Bxd7 Qxd7 14. Ne5 Qc7
15. Qe4 Nxc3 16. bxc3 b6 17. Bf4 Qxc3 18. Rac1 Qa3 19. Rc7 Qxa2 20. h4 Qd5 21.
Qe2 Qd8 22. Rd7 Qxh4 23. g3 Qh3 24. Rd3 Rac8 25. g4 Qh4 26. Kg2 Bxe5 27. Bxe5
Rc1 28. Bh2 Qg5 29. Rh3 Nc4 30. Rxa7 h5 31. Rd7 hxg4 32. Rg3 Qb5 33. Ra7 Qd5+
34. f3 Rc2 0-1

[Event "25th Czech Open A 2014"]
[Site "Pardubice CZE"]
[Date "2014.07.18"]
[Round "1.10"]
[White "Stefansson, Hannes"]
[Black "Jurasek, Miroslav"]
[Result "1-0"]
[WhiteTitle "GM"]
[WhiteElo "2536"]
[BlackElo "2266"]
[WhiteFideId "2300087"]
[BlackFideId "305618"]
[EventDate "2014.07.18"]

1. d4 Nf6 2. c4 e6 3. Nf3 Bb4+ 4. Bd2 Qe7 5. g3 Nc6 6. Nc3 Bxc3 7. Bxc3 Ne4 8.
Rc1 b6 9. Bg2 Bb7 10. d5 Nxc3 11. Rxc3 Nd8 12. O-O O-O 13. Nd4 f5 14. Qd3 Kh8
15. Rd1 Nf7 16. Qe3 Nd6 17. dxe6 Bxg2 18. Kxg2 c5 19. Nf3 dxe6 20. Ne5 Ne4 21.
Rcd3 Nf6 22. Rd6 Rae8 23. Qf3 Ne4 24. Qh5 Kg8 25. Rd7 Qf6 26. f4 Re7 27. Rxe7
Qxe7 28. Rd7 Qf6 29. Rxa7 Nd6 30. b3 Qd8 31. Nc6 Qf6 32. Ne5 Qd8 33. Qg5 Qxg5
34. fxg5 Ne4 35. h4 Nc3 36. Kf3 b5 37. h5 bxc4 38. bxc4 Ne4 39. Kf4 Rd8 40. h6
gxh6 41. gxh6 Nd6 42. Rg7+ Kh8 43. Ra7 Kg8 44. a4 Ne8 45. Nd7 Kf7 46. Kg5 Kg8
47. a5 Rc8 48. a6 Rc7 49. Rxc7 Nxc7 50. a7 1-0

[Event "25th Czech Open A 2014"]
[Site "Pardubice CZE"]
[Date "2014.07.18"]
[Round "1.11"]
[White "Pagerka, Martin"]
[Black "Megaranto, Susanto"]
[Result "1/2-1/2"]
[BlackTitle "GM"]
[WhiteElo "2265"]
[BlackElo "2532"]
[WhiteFideId "14911230"]
[BlackFideId "7101384"]
[EventDate "2014.07.18"]

1. e4 g6 2. d4 Bg7 3. Nc3 d6 4. Nf3 Nf6 5. Be2 O-O 6. O-O c6 7. a4 Bg4 8. h3
Bxf3 9. Bxf3 Nbd7 10. a5 Qc7 11. Be3 b5 12. axb6 axb6 13. Qd2 Rxa1 14. Rxa1 b5
15. Ne2 e5 16. c3 Re8 17. Ng3 h5 18. h4 d5 19. exd5 cxd5 20. dxe5 Nxe5 21. Bxd5
Rd8 22. Ra8 Rxa8 23. Bxa8 Qa5 24. Bf3 Nfg4 25. Bxg4 Nxg4 26. Bf4 Bf6 27. f3 Qa1+
28. Nf1 Qa7+ 29. Ne3 Nxe3 30. Bxe3 Qa1+ 31. Kh2 Bxh4 32. Bd4 Qe1 33. Qf4 Be7 34.
Qb8+ Bf8 35. Qe5 Bd6 1/2-1/2

[Event "25th Czech Open A 2014"]
[Site "Pardubice CZE"]
[Date "2014.07.18"]
[Round "1.12"]
[White "Krejci, Jan2"]
[Black "Meissner, Felix"]
[Result "1-0"]
[WhiteTitle "GM"]
[BlackTitle "FM"]
[WhiteElo "2528"]
[BlackElo "2263"]
[WhiteFideId "322156"]
[BlackFideId "24671827"]
[EventDate "2014.07.18"]

1. d4 Nf6 2. c4 c6 3. Nc3 d5 4. e3 a6 5. Qc2 g6 6. Bd3 Bg7 7. Nf3 O-O 8. O-O
Nbd7 9. b3 Re8 10. Bb2 b5 11. Ne2 dxc4 12. bxc4 Nb6 13. Ne5 Bb7 14. Nc3 Nfd7 15.
Nxd7 Qxd7 16. Ne4 Na4 17. Ba3 Rac8 18. Rad1 Qc7 19. f4 Qa5 20. Qb3 c5 21. Nxc5
Nxc5 22. Bxc5 Rxc5 23. dxc5 b4 24. Be2 Bc6 25. Rd3 Ba4 26. Qb1 Qxc5 27. Qc1 e6
28. Kh1 a5 29. e4 Bd4 30. Rh3 Bc6 31. Bd3 a4 32. f5 exf5 33. exf5 Re3 34. Rxe3
Bxe3 35. Qc2 Qd6 36. Be4 Be8 37. Bd5 Bc5 38. Qe4 Qe7 39. Qd3 Kh8 40. Qd2 Kg8 41.
Re1 Qf8 42. Qg5 1-0

[Event "25th Czech Open A 2014"]
[Site "Pardubice CZE"]
[Date "2014.07.18"]
[Round "1.13"]
[White "Sanders, Isaac B"]
[Black "Cvek, Robert"]
[Result "1/2-1/2"]
[BlackTitle "GM"]
[WhiteElo "2262"]
[BlackElo "2516"]
[WhiteFideId "417661"]
[BlackFideId "307424"]
[EventDate "2014.07.18"]

1. d4 Nf6 2. g3 d5 3. Nf3 c6 4. Bg2 Bf5 5. c4 e6 6. Nc3 Nbd7 7. O-O h6 8. Nd2
Be7 9. e4 dxe4 10. Ndxe4 O-O 11. Qe2 Nxe4 12. Nxe4 Nf6 13. Rd1 Nxe4 14. Bxe4
Bxe4 15. Qxe4 Bf6 16. Bf4 Qb6 17. Rd2 Qb4 18. b3 Rfd8 19. Rad1 Rd7 20. Qf3 Rad8
21. Bxh6 Rxd4 22. Rxd4 Rxd4 23. Be3 Rxd1+ 1/2-1/2

[Event "25th Czech Open A 2014"]
[Site "Pardubice CZE"]
[Date "2014.07.18"]
[Round "1.14"]
[White "Dourerassou, Jonathan"]
[Black "Nguyen, Thai Dai Van"]
[Result "1/2-1/2"]
[WhiteTitle "IM"]
[BlackTitle "CM"]
[WhiteElo "2515"]
[BlackElo "2261"]
[WhiteFideId "628050"]
[BlackFideId "358878"]
[EventDate "2014.07.18"]

1. e4 e5 2. Nf3 Nf6 3. d3 Nc6 4. g3 Be7 5. Bg2 O-O 6. c3 d5 7. Qe2 dxe4 8. dxe4
a5 9. O-O Bc5 10. Nbd2 Qe7 11. Nc4 h6 12. Qc2 Rd8 13. Ne3 Be6 14. Re1 Ng4 15.
Nh4 Nxe3 16. Bxe3 Bxe3 17. Rxe3 Qd7 18. Qe2 Ne7 19. Nf5 c6 20. Qh5 Nxf5 21. exf5
Bxf5 22. Rxe5 Bg6 23. Qe2 Re8 24. h4 f6 25. Re3 Rad8 26. Bf3 Bd3 27. Qe1 Rxe3
28. Qxe3 Re8 29. Qb6 Qf5 30. Bg2 Qb5 31. Qxb5 Bxb5 32. b3 Bd3 33. Rd1 Bf5 34.
Bf3 Kf7 35. Rd4 Re5 36. Kg2 Ke7 37. g4 Bd7 38. Kg3 Bc8 39. Rd2 Be6 40. Be2 Rd5
41. Rb2 Rd8 42. h5 f5 43. f3 1/2-1/2

[Event "25th Czech Open A 2014"]
[Site "Pardubice CZE"]
[Date "2014.07.18"]
[Round "1.15"]
[White "Mukashev, Assan"]
[Black "Teske, Henrik"]
[Result "0-1"]
[BlackTitle "GM"]
[WhiteElo "2261"]
[BlackElo "2512"]
[WhiteFideId "13703803"]
[BlackFideId "4611500"]
[EventDate "2014.07.18"]

1. d4 Nf6 2. Nf3 e6 3. c4 c5 4. g3 d5 5. Bg2 Nc6 6. cxd5 exd5 7. O-O c4 8. b3
cxb3 9. Qxb3 Be7 10. Ba3 O-O 11. Bxe7 Qxe7 12. Nc3 Be6 13. e3 Na5 14. Qb5 Nc4
15. a4 Rfc8 16. Rfc1 a6 17. Qb1 Rc7 18. Bf1 Rac8 19. Bxc4 Rxc4 20. Ne2 Bg4 21.
Rxc4 dxc4 22. Kg2 b5 23. Nfg1 Bd7 24. Qc1 Nd5 25. axb5 axb5 26. Nc3 Nxc3 27.
Qxc3 b4 28. Qc1 c3 29. Rb1 Bf5 30. Rb3 Be6 31. Rb1 Ba2 0-1

[Event "25th Czech Open A 2014"]
[Site "Pardubice CZE"]
[Date "2014.07.18"]
[Round "1.16"]
[White "Bluebaum, Matthias"]
[Black "Jedlicka, Ales"]
[Result "1-0"]
[WhiteTitle "IM"]
[BlackTitle "FM"]
[WhiteElo "2510"]
[BlackElo "2259"]
[WhiteFideId "24651516"]
[BlackFideId "304824"]
[EventDate "2014.07.18"]

1. d4 Nf6 2. c4 e6 3. Nf3 Bb4+ 4. Nbd2 b6 5. a3 Bxd2+ 6. Nxd2 Bb7 7. Qc2 d5 8.
e3 O-O 9. b4 Nbd7 10. Bb2 Rc8 11. c5 c6 12. Bd3 Qe7 13. O-O e5 14. e4 bxc5 15.
dxc5 h6 16. Rae1 dxe4 17. Nxe4 Nxe4 18. Rxe4 Rce8 19. Re3 Bc8 20. f4 f6 21. Qc4+
Kh8 22. Qe4 f5 23. Qxc6 Nb8 24. Qg6 Rf6 25. Qh5 Nd7 26. fxe5 f4 27. exf6 Qxe3+
28. Kh1 Nxf6 29. Bxf6 f3 30. Rxf3 Qc1+ 31. Rf1 Re1 32. Bxg7+ 1-0

[Event "25th Czech Open A 2014"]
[Site "Pardubice CZE"]
[Date "2014.07.18"]
[Round "1.17"]
[White "Le Ruyet, Leopold"]
[Black "Chernyshov, Konstantin"]
[Result "0-1"]
[BlackTitle "GM"]
[WhiteElo "2259"]
[BlackElo "2508"]
[WhiteFideId "645923"]
[BlackFideId "4117328"]
[EventDate "2014.07.18"]

1. e4 c6 2. d4 d5 3. Nc3 g6 4. f3 Bg7 5. Be3 dxe4 6. fxe4 Nf6 7. Nf3 O-O 8. Qd2
b5 9. Bd3 Ng4 10. Bg5 Bxd4 11. Nxd4 Qxd4 12. Bxe7 Re8 13. Bh4 b4 14. Ne2 Qxb2
15. O-O Qe5 16. Bg3 Qc5+ 17. Kh1 Be6 18. h3 Ne5 19. Qh6 Nbd7 20. Bh4 a5 21. Ng3
Qf8 22. Qf4 h6 23. Bf6 Nxf6 24. Qxe5 Nd7 25. Qf4 Qg7 26. a3 Ne5 27. axb4 axb4
28. Ba6 Ra7 29. Be2 Nd3 0-1

[Event "25th Czech Open A 2014"]
[Site "Pardubice CZE"]
[Date "2014.07.18"]
[Round "1.18"]
[White "Boruchovsky, Avital"]
[Black "Kratochvil, Josef"]
[Result "1/2-1/2"]
[WhiteTitle "GM"]
[BlackTitle "FM"]
[WhiteElo "2503"]
[BlackElo "2257"]
[WhiteFideId "2800055"]
[BlackFideId "328626"]
[EventDate "2014.07.18"]

1. e4 c5 2. c3 d6 3. d4 Nf6 4. dxc5 Nc6 5. f3 dxc5 6. Qxd8+ Kxd8 7. Na3 a6 8.
Nc4 Nd7 9. a4 b6 10. Be3 Kc7 11. Nh3 h6 12. Nf4 e6 13. Nd3 f6 14. g3 Rb8 15. Bh3
b5 16. axb5 axb5 17. Nd2 Nde5 18. Nxe5 Nxe5 19. Ke2 Bd6 20. Ra7+ Rb7 21. Rha1
Bd7 22. Nb3 Rxa7 23. Rxa7+ Kb6 24. Ra1 Nc4 25. Rd1 Bc8 26. Bc1 Kc6 27. Nd2 Nxd2
28. Bxd2 Bd7 29. f4 Kc7 30. Be3 Ra8 31. e5 fxe5 32. fxe5 Bxe5 33. Bxc5 Bf6 34.
Bd6+ Kb7 35. Ba3 Bc6 36. Rd6 Ra6 37. Bxe6 Bxc3 38. bxc3 Rxa3 39. Kd2 Ra1 40. Bg8
Rg1 1/2-1/2

[Event "25th Czech Open A 2014"]
[Site "Pardubice CZE"]
[Date "2014.07.18"]
[Round "1.19"]
[White "Pechac, Jergus"]
[Black "Haba, Petr"]
[Result "0-1"]
[WhiteTitle "CM"]
[BlackTitle "GM"]
[WhiteElo "2257"]
[BlackElo "2502"]
[WhiteFideId "14926970"]
[BlackFideId "300160"]
[EventDate "2014.07.18"]

1. e4 e6 2. d4 d5 3. Bd3 dxe4 4. Bxe4 Nf6 5. Bf3 c5 6. Ne2 Nc6 7. Be3 e5 8.
Bxc6+ bxc6 9. dxe5 Qxd1+ 10. Kxd1 Ng4 11. Nd2 Be7 12. Nf3 f6 13. exf6 Nxe3+ 14.
fxe3 Bxf6 15. Rb1 Be6 16. b3 O-O-O+ 17. Ke1 g5 18. Rf1 Rhf8 19. Rd1 Rde8 20. e4
Kc7 21. Rd3 h5 22. Nd2 Be5 23. Rxf8 Rxf8 24. Nf3 Bf6 25. Nd2 Be5 26. Nf3 Bf6 27.
g3 Re8 28. e5 Be7 29. h4 Bf5 30. Re3 gxh4 31. Nxh4 Bxc2 32. Nf4 c4 33. bxc4 Bb4+
34. Kf1 Bd2 35. Ra3 Rxe5 36. Rxa7+ Kb6 37. Rd7 Bxf4 38. gxf4 Re4 39. Ng2 h4 40.
Rh7 Rxf4+ 41. Nxf4 Bxh7 42. Ne6 Bd3+ 43. Kg2 Bxc4 44. Nf4 Bxa2 45. Kh3 Kc5 46.
Kxh4 Kd4 47. Kg3 Ke3 48. Ng2+ Kd2 49. Kf2 Bb1 50. Ne3 Bd3 51. Ng4 c5 52. Ne5 Be2
53. Kg2 Ke3 54. Kg1 Ke4 55. Nc6 Bb5 56. Na5 Ke3 57. Kg2 Bd3 58. Kg1 Be2 59. Kg2
Bf3+ 60. Kf1 Bd5 0-1

[Event "25th Czech Open A 2014"]
[Site "Pardubice CZE"]
[Date "2014.07.18"]
[Round "1.20"]
[White "Venkatesh, M.R."]
[Black "Vogel, Roven"]
[Result "1-0"]
[WhiteTitle "GM"]
[WhiteElo "2498"]
[BlackElo "2257"]
[WhiteFideId "5005779"]
[BlackFideId "12908088"]
[EventDate "2014.07.18"]

1. e4 d6 2. d4 Nf6 3. Nc3 g6 4. Be3 c6 5. Nf3 Bg7 6. Bd3 O-O 7. Qd2 Na6 8. Ne2
d5 9. e5 Ne4 10. Bxe4 dxe4 11. Ng5 c5 12. c3 Bf5 13. Ng3 Qd5 14. Nxf5 gxf5 15.
Nh3 cxd4 16. cxd4 Rfd8 17. Qe2 Qa5+ 18. Kf1 Nb4 19. g4 fxg4 20. Rg1 gxh3 21. Bh6
Nc2 22. e6 Nxd4 23. exf7+ Kxf7 24. Rxg7+ Ke8 25. Qxe4 Qa6+ 26. Kg1 Qe6 27. Qxe6
Nxe6 28. Rxh7 Nf8 29. Bxf8 Kxf8 30. Re1 Rac8 31. Rxh3 Re8 32. Re4 Kg7 33. Rg3+
Kf6 34. Rf3+ Kg5 35. h3 Rc6 36. Rg4+ Kh6 37. Rfg3 Kh5 38. Rg7 Kh6 39. Kg2 Rc2
40. R7g6+ Kh7 41. R6g4 Rc6 42. a4 Rf6 43. Rh4+ Rh6 44. Rb4 b6 45. Rc4 Re6 46.
Rc7 a5 47. Re3 Rg6+ 48. Kf1 Rd6 49. Rexe7+ Rxe7 50. Rxe7+ Kg6 51. Re5 Rd4 52. b3
Rd3 53. Re3 Rd6 54. Ke2 Kf5 55. Rd3 Re6+ 56. Kd2 Kf4 57. Kc3 Rc6+ 58. Kd4 Rc2
59. Kd5 Rxf2 60. Rc3 Re2 61. Kc6 Re6+ 62. Kb7 Rh6 63. Rc6 Rxh3 64. Rxb6 Ke5 65.
Ka6 Kd5 66. Kxa5 Kd4 67. Kb4 Kd5 68. a5 Rh1 69. a6 Rh4+ 70. Kb5 Rh3 71. b4 Ra3
72. Rh6 Ra1 73. Kb6 Rb1 74. a7 1-0

[Event "25th Czech Open A 2014"]
[Site "Pardubice CZE"]
[Date "2014.07.18"]
[Round "1.21"]
[White "Pfretzschner, Roland"]
[Black "Kislinsky, Alexey"]
[Result "0-1"]
[WhiteTitle "FM"]
[BlackTitle "GM"]
[WhiteElo "2256"]
[BlackElo "2491"]
[WhiteFideId "4612086"]
[BlackFideId "14108801"]
[EventDate "2014.07.18"]

1. e4 c5 2. Nf3 Nc6 3. Bb5 Nf6 4. Nc3 g6 5. e5 Ng4 6. Bxc6 dxc6 7. h3 Nh6 8. d3
Nf5 9. Bf4 Bg7 10. Ne4 Nd4 11. O-O b6 12. Re1 O-O 13. c3 Ne6 14. Be3 f5 15. exf6
exf6 16. Qd2 a5 17. Rad1 Ra7 18. Bh6 g5 19. Bxg7 Rxg7 20. d4 c4 21. d5 Nf4 22.
dxc6 Nd3 23. Re3 g4 24. Ne1 gxh3 25. g3 f5 26. Nxd3 fxe4 27. Ne5 Qf6 28. Nd7
Bxd7 29. cxd7 Rxd7 0-1

[Event "25th Czech Open A 2014"]
[Site "Pardubice CZE"]
[Date "2014.07.18"]
[Round "1.22"]
[White "Neuman, Petr"]
[Black "Varga, Klara"]
[Result "1/2-1/2"]
[WhiteTitle "GM"]
[BlackTitle "WIM"]
[WhiteElo "2488"]
[BlackElo "2251"]
[WhiteFideId "305243"]
[BlackFideId "733210"]
[EventDate "2014.07.18"]

1. d4 e6 2. c4 Nf6 3. Nc3 Bb4 4. Qc2 c5 5. dxc5 Bxc5 6. Nf3 O-O 7. Bg5 h6 8. Bh4
Nc6 9. a3 a5 10. O-O-O b6 11. e4 Qc7 12. Bg3 Qb7 13. Kb1 Ne7 14. Bd3 d5 15. e5
Ne8 16. Bh4 Nc7 17. Na4 Na6 18. Rd2 Bd7 19. Rhd1 Rfc8 20. Nc3 Bc6 21. Bxe7 Bxe7
22. Nd4 Be8 23. cxd5 Nb4 24. Qb3 a4 25. Qxb4 Bxb4 26. axb4 exd5 27. Nf5 Qa7 28.
Nxd5 Rcb8 29. Be4 a3 30. b3 a2+ 31. Ka1 Kh8 32. Nd6 Qa3 33. Rd3 Ra7 34. f4 Bc6
35. Nc4 Qa6 36. Nc7 Qc8 37. Bxc6 Qxc7 38. b5 Rf8 39. Rd7 Qb8 40. Rxa7 Qxa7 41.
Rd7 Qb8 42. Nd6 Kg8 43. Bd5 Rc8 44. Nxc8 Qxc8 45. Bc6 Qf8 46. Rd6 Qe7 47. g3 g5
48. Kxa2 gxf4 49. gxf4 Qh4 50. Rf6 Qxh2+ 51. Ka3 Qd2 52. Be8 Qa5+ 53. Kb2 Qd2+
54. Ka3 Qa5+ 55. Kb2 Qd2+ 1/2-1/2

[Event "25th Czech Open A 2014"]
[Site "Pardubice CZE"]
[Date "2014.07.18"]
[Round "1.23"]
[White "Cuhra, Martin"]
[Black "Wagner, Dennis"]
[Result "1/2-1/2"]
[BlackTitle "IM"]
[WhiteElo "2251"]
[BlackElo "2485"]
[WhiteFideId "327735"]
[BlackFideId "24650684"]
[EventDate "2014.07.18"]

1. e4 e5 2. Nf3 Nc6 3. Bc4 Bc5 4. b4 Bxb4 5. c3 Be7 6. d4 Na5 7. Nxe5 Nxc4 8.
Nxc4 d5 9. exd5 Qxd5 10. Ne3 Qa5 11. O-O Nf6 12. Qb3 O-O 13. Ba3 Be6 14. Qb2
Bxa3 15. Nxa3 c5 16. Nac4 Qa6 17. Ne5 Rac8 18. Rfd1 cxd4 19. cxd4 Rfd8 20. Nd3
b6 21. Nf4 Bd5 22. Nfxd5 Nxd5 23. Nxd5 Rxd5 24. Rac1 g6 25. Rxc8+ Qxc8 26. Qb3
Qd7 27. Qd3 Qa4 28. Rd2 Qc6 29. g3 b5 30. Rc2 Qd7 31. Rd2 a5 32. Qc3 b4 33. Qc4
Kg7 34. Kg2 Qb7 35. Kf1 Qd7 36. Kg2 Qb5 37. Qxb5 Rxb5 38. Kf3 Kf6 39. Ke4 Ke6
40. Re2 a4 41. Kd3+ Kd5 42. Re5+ Kc6 43. Kc4 Rxe5 44. dxe5 b3 45. axb3 axb3 46.
Kxb3 Kd5 47. f4 h5 48. Kc3 Ke4 49. Kd2 h4 50. Ke2 hxg3 51. hxg3 g5 52. e6 fxe6
53. fxg5 Kf5 54. Ke3 Kxg5 55. Ke4 Kg4 56. Ke5 Kxg3 57. Kxe6 1/2-1/2